Pochopenie správania spotrebiteľa ako východisko výberu marketingovej stratégie

Marketingová stratégia v maloobchode a jednotlivé prvky maloobchodného marketingového mixu. Nákupné správanie sa spotrebiteľa v prostredí maloobchodu. Najvýznamnejšie faktory, ktoré značne ovplyvňujú nákupný rozhodovací proces spotrebiteľa.

Na minha lista:
Detalhes bibliográficos
Autor principal: Hrdličková, Veronika
Formato: Capítulo de Livro
Idioma:eslovaco
Assuntos:
Tags: Adicionar Tag
Sem tags, seja o primeiro a adicionar uma tag!

MARC

LEADER 00000nla$a2200000$$$4500
001 0147092
005 20240226080706.9
041 0 |a slo 
044 |a SK 
245 1 0 |a Pochopenie správania spotrebiteľa ako východisko výberu marketingovej stratégie  |c Veronika Hrdličková 
520 |a Marketingová stratégia v maloobchode a jednotlivé prvky maloobchodného marketingového mixu. Nákupné správanie sa spotrebiteľa v prostredí maloobchodu. Najvýznamnejšie faktory, ktoré značne ovplyvňujú nákupný rozhodovací proces spotrebiteľa. 
610 2 0 |a maloobchod 
610 2 0 |a marketing 
610 2 0 |a marketing mix 
610 2 0 |a stratégia marketingová 
610 2 0 |a správanie spotrebiteľa 
100 1 |a Hrdličková, Veronika